| 000 | 00952cam a22003013a 4500 | ||
|---|---|---|---|
| 001 | 2516 | ||
| 003 | PGUSA | ||
| 005 | 20140828083015.0 | ||
| 008 | 010201s2001||||xxu|||||s|||||000 1 eng d | ||
| 040 |
_aPGUSA _beng |
||
| 042 | _adc | ||
| 050 | 4 | _aPR | |
| 100 | 1 |
_aScott, Walter, _d1771-1832 |
|
| 245 | 1 | 0 |
_aRedgauntlet : _bA Tale Of The Eighteenth Century _h[electronic resource] / _cWalter Scott |
| 260 |
_bProject Gutenberg, _c2001 |
||
| 500 | _aWaverley novel | ||
| 506 | _aPublic domain in the USA. | ||
| 516 | _aElectronic text | ||
| 653 | _aHistorical fiction | ||
| 653 | _aScotland -- History -- 18th century -- Fiction | ||
| 653 | _aLaw students -- Fiction | ||
| 653 | _aJacobites -- Fiction | ||
| 653 | _aCharles Edward, Prince, grandson of James II, King of England, 1720-1788 -- Fiction | ||
| 653 | _aPrinces -- Fiction | ||
| 830 | 0 |
_aProject Gutenberg _v2516 |
|
| 856 | 4 | 0 | _uhttp://www.gutenberg.org/ebooks/2516 |
| 942 | _cEB | ||
| 999 |
_c231853 _d231853 |
||